01502nam a2200241Ia 4500008004100000040001800041041000800059100005700067245016800124260004400292300002900336490009900365500025800464504002200722505026100744506002201005650004601027650002601073650004801099650004901147700003301196700003101229130821s1883 sp gr spa  aCo-BoUCMbspa0 aspa1 aFeijóo y Montenegro, Benito Jerónimod1676-1764.10aComedias escogidascdel P. Fray Benito Gerónimo Feijoo y Montenegro ; con una noticia de su vida y juicio crítico de sus escritos por don Vicente de la Fuente. aMadrid (España)bM. Rivadeneyrac1883 axliv, 608, [1] páginas 0aBiblioteca de autores españoles, desde la formación del lenguaje hasta nuestros díasv56 aDetalles físicos: Encuadernación rígida en cartón forrado en papel. Lomo en cuero con decorado, nervaduras y texto en dorado. Guardas en papel de agua, las primeras desprendidas. Tiene anteportada, portada sencilla, impresa a una sola tinta, co aIncluye índice.0 aPreliminares. ; Merecen las obras de Frijoo ser reimpresas?. ; ¿Quién fué el padre Frijoo?. ; Escritos del padre Frijoo. ; Juicio crítico de los escritores de Frijoo. ; Clasificación de los escritos de Frijoo. ; Reglas seguidas en esta colección aConsulta en sala. aCartaszEspañaxObras anteriores a 1900 aLiteratura española aOratoriazEspañaxObras anteriores a 1900 aPoesía españolaxObras anteriores a 19001 aFuente, Vicente de laecomp.1 aRivadeneyra, M.eimp.; ed.